000 00902nas a2200277 4500
001 BR0808126
003 BR-BrBNA
005 20231205112817.0
007 ta
008 230509b bl.|||p| |||| 00| 00por d
040 _aBR-BrBNA
_bpor
_cBiblioteca Nacional de Agricultura
041 _a(En)
072 _aL70
100 1 _aSpinosa, H sw S.
100 1 _aGórnian, S.L.
100 1 _aPalermo Neto, J.
100 1 _aBernardo, M.M.
245 1 _aBehavioral and biochemical effects of xylazini: possible interactions between central noradrenergic-dopaminergic systems
650 _aRATO
650 _aVETERINÁRIA
650 _aCOMPORTAMENTO ANIMAL
650 _aBIOLOGIA ANIMAL
773 0 _tBrazilian Journal of Veterinary Research and Animal Science (Brazil)
_xISSN 1413-9596
_g(1993), v. 30(1) p. 221-226
_wBR0808126
909 _a202311
_bLúcia
_c55
_dLúcia Elande
942 _2AGRIS
_n0
_cANA
999 _c200123
_d200123